000 01383cam a2200373 a 4500
001 12123389
003 OSt
005 20230619144015.0
008 000623s2000 un b 000 0 eng
010 _a 00398113
020 _a9666110520
035 _a(RuMoEVP)evKK2000001181
040 _aDLC
_cDLC
041 0 _aengukr
050 0 0 _aHN8
_b.A33 2000
082 _a303.4
_bAFO
100 1 _aAfonin, E. A.
245 1 0 _aSocial development AD /
_cE. Afonin, A. Bandurka, A. Martynov.
246 1 5 _aSuspilʹnyĭ rozvytok vid Rizdva Khrystovoho
246 1 4 _aSuspilʹnyĭ rozvytok R.Kh.
260 _aKyïv :
_bParlamentarian Publishing House,
_c2000.
300 _a308 p. ;
_c20 cm.
440 0 _aSeries Open research conception
500 _a"Naukove vydanni︠a︡"--Colophon.
500 _aAt head of title: Ukrainian Social Innovation Society. Atlantic Council of Ukraine. Information and Library Department of the Apparatus of the Verkhovna Rada of Ukraine.
504 _aIncludes bibliographical references (p. 275-[294]).
546 _aEnglish and Ukrainian.
650 0 _aSocial history.
700 1 _aBandurka, O. M.
_q(Oleksandr Markovych)
700 1 _aMartynov A. I︠U︡.
_q(Andriĭ I︠U︡riĭovych)
906 _a7
_bcbc
_corigres
_d3
_encip
_f20
_gy-gencatlg
942 _2ddc
_cBK
999 _c1349
_d1349